| 000 | 01019nam a2200289 a 4500 | ||
|---|---|---|---|
| 999 |
_c10071 _d10071 |
||
| 001 | 10071 | ||
| 003 | BD-JhCC | ||
| 005 | 20190311093410.0 | ||
| 008 | 180405s1981 enkaf d 000 0 eng c | ||
| 020 | _a0140510028 (pbk.) | ||
| 035 | _a(BD-JhCC)10071 | ||
| 040 |
_aMH _cMH _dDLC _dBD-JhCC |
||
| 041 | _aeng | ||
| 050 | 1 | 4 |
_aGB10 _b.M66x 1981 |
| 082 |
_bMOO 1981 _a910.321 |
||
| 100 | 1 |
_aMoore, W. G. _q(Wilfred George), _d1907- |
|
| 245 | 1 | 4 |
_aThe Penguin dictionary of geography : _bdefinitions and explanations of terms used in physical geography / _cW.G. Moore. |
| 250 | _a6th ed. | ||
| 260 |
_aHarmondsworth, Middlesex, England : _bPenguin Books, _c1981. |
||
| 300 |
_a256 p., [24] p. of plates : _bill. ; _c20 cm. |
||
| 440 | 0 | _aPenguin reference books | |
| 500 | _aEarlier eds. published under title: A dictionary of geography. | ||
| 650 | 0 |
_aPhysical geography _xDictionaries. |
|
| 700 | 1 |
_aMoore, W. G. _q(Wilfred George), _d1907- _tDictionary of physical geography. |
|
| 942 |
_2ddc _cREF |
||